|
|
|
|
| LEADER |
00995nam a2200253 i 4500 |
| 001 |
c000332513 |
| 003 |
CARM |
| 005 |
00000000000000.0 |
| 008 |
781218s1979 nyua 00010 eng |
| 019 |
1 |
|
|a 1337472
|5 LACONCORD2021
|
| 020 |
|
|
|a 006388576X (pbk.) :
|c $5.95
|
| 035 |
|
|
|a (OCoLC)4593141
|5 LACONCORD2021
|
| 050 |
0 |
0 |
|a HB171.5
|b .S649 1979
|
| 100 |
1 |
|
|a Spector, Lee C.,
|d 1947-
|
| 245 |
1 |
0 |
|a Applying macroeconomic principles :
|b a student guide to analyzing economic news /
|c Lee C. Spector, Richard J. Kieffer.
|
| 260 |
|
|
|a New York :
|b Harper & Row,
|c c1979.
|
| 300 |
|
|
|a xiii, 117 p. :
|b ill. ;
|c 28 cm.
|
| 650 |
|
0 |
|a Macroeconomics.
|
| 650 |
|
0 |
|a Economic history.
|
| 700 |
1 |
|
|a Kieffer, Richard J.,
|d 1932-
|e joint author.
|
| 852 |
8 |
|
|b CARM
|h A1:AM26D0
|i F03065
|p 0427615
|f BK
|
| 082 |
0 |
4 |
|a 330.9/73/092
|
| 999 |
f |
f |
|i f6272095-4e80-5c0a-abb2-a04350d6fbf7
|s 3d7f3767-91bc-5b5f-b1cf-b5e5da5fece2
|
| 952 |
f |
f |
|p Can circulate
|a CAVAL
|b CAVAL
|c CAVAL
|d CARM 1 Store
|e F03065
|f A1:AM26D0
|h Other scheme
|i book
|m 0427615
|